000 01006nam a22002657a 4500
005 2010092300390.0
008 100923t xxu||||| |||| 00| 0 eng d
010 _aENG-101539
020 _c400.00
_a9788174430335
035 _aEN-85072
037 _bDBAD/PUB
040 _adpl
_bEnglish
082 _a954.84
100 _921271
_aPrasad, Rajendra
245 _aAsif Jahs of Hyderabad :
_cby Rajender Prasad
_btheir rise and decline /
260 _aHyderabad
_bPrachee Publications
_c2010
270 _a3-3-859/1, Lane Opposite Arya Samaj Kachiguda,
_bHyderabad
_e500027
300 _ax,391p.
_c22cm (pbk)
500 _aIncludes index
651 _aHyderabad (India : State)
_xHistory.
_921935
651 _aHyderabad (India : State)
_xKings and rulers
_921936
700 _921394
942 _2ddc
_cEN
_mPRA
_h954.84
999 _c47653
_d47653